Princíp kalkulácie doživotných dôchodkov z II. piliera a často kladené otázky vychádzať z faktov, nie z dojmov a pocitov

Súčasný systém výplaty dôchodkov z II. piliera. Zabezpečenie pravidelnej renty pre dôchodcu, ktorú bude poberať, a faktory vplývajúce na konečnú výšku dôchodku. Odpovede na často kladené otázky.

Salvato in:
Dettagli Bibliografici
Autore principale: Čamek, Miroslav
Natura: Capitolo di libro
Lingua:slovacco
Soggetti:
Tags: Aggiungi Tag
Nessun Tag, puoi essere il primo ad aggiungerne!!

MARC

LEADER 00000naa a2200000 4500
001 0200885
005 20221019175335.3
041 0 |a slo 
044 |a SK 
245 1 0 |a Princíp kalkulácie doživotných dôchodkov z II. piliera a často kladené otázky  |b vychádzať z faktov, nie z dojmov a pocitov  |c Miroslav Čamek 
520 |a Súčasný systém výplaty dôchodkov z II. piliera. Zabezpečenie pravidelnej renty pre dôchodcu, ktorú bude poberať, a faktory vplývajúce na konečnú výšku dôchodku. Odpovede na často kladené otázky. 
610 2 0 |a poisťovníctvo 
610 2 0 |a poisťovne dôchodkové doplnkové 
610 2 0 |a druhy poistenia 
610 2 0 |a poistenie dôchodkové 
610 2 0 |a systémy dôchodkové 
610 2 0 |a matematika poistná 
100 1 |a Čamek, Miroslav